La igualdad ante la ley y la no discriminación en las relaciones laborales

Guardat en:
Dades bibliogràfiques
Autor corporatiu: Ministerio de Trabajo y Asuntos Sociales (Autor)
Format: Llibre
Idioma:espanyol
Publicat: Madrid Subdirección General de Información Administrativa y Publicaciones 2005
Col·lecció:Colección Informes y Estudios. Serie Relaciones Laborales, 69
Matèries:
Etiquetes: Afegir etiqueta
Sense etiquetes, Sigues el primer a etiquetar aquest registre!

MARC

LEADER 00000nam a2200000 a 4500
001 UCI3843
003 CL-VaPUC
005 20240828154331.0
008 071130e20050000sp 1 spa d
020 |a 8484171841 
082 0 4 |a 344.4601  |b MIN  |2 21 
110 2 |a Ministerio de Trabajo y Asuntos Sociales  |e author  |9 621093 
245 1 3 |a La igualdad ante la ley y la no discriminación en las relaciones laborales 
260 |a Madrid  |b Subdirección General de Información Administrativa y Publicaciones  |c 2005 
300 |a 1327 p 
490 0 |a Colección Informes y Estudios. Serie Relaciones Laborales, 69 
583 |a last modification  |c 20190828 10:07:50  |k Rodrigo Vera 
650 0 7 |a DERECHO LABORAL  |2 CL-VaPUC  |9 15 
650 0 0 |a Igualdad social  |9 358751 
650 0 7 |a DERECHOS CIVICOS  |2 CL-VaPUC  |9 358752 
650 0 7 |a POLITICA LABORAL  |2 CL-VaPUC  |9 319338 
650 0 0 |a Relaciones laborales   |9 335971 
651 0 |a España  |9 254926 
942 |c BK 
945 |a jtorresc  |d 20071130 00:00:00 
546 |a En Español 
536 |a Asociación Española de Derecho del Trabajo y de la Seguridad Social 
518 |p Congreso Nacional de Derecho del Trabajo y la Seguridad Social, 15, Madrid, 28 y 29 de Mayo de 2004 
999 |c 384308  |d 384306 
952 |0 0  |1 0  |4 0  |6 344_460100000000000_MIN_2005  |7 0  |8 A  |9 506956  |a BIBDER  |b BIBDER  |d 2020-01-23  |i 4392329  |o 344.4601 MIN 2005  |p 4392329  |r 2023-01-25  |w 2020-01-23  |y BK  |k DER